000 00413nam a2200133Ia 4500
008 100328s9999 xx 000 0 und d
082 _b30971
100 _aसाठे शं. गो.
245 _aस्वप्नीचे हे ान
260 _bपॉप्युलर
630 _aस्वप्नीचे हे ान
730 _aस्वप्नीचे हे ान
942 _cBOOK
999 _c521926
_d521923